| 000 | 00500 a2200181 4500 | ||
|---|---|---|---|
| 003 | OSt | ||
| 005 | 20260305115903.0 | ||
| 008 | 231213b |||||||| |||| 00| 0 eng d | ||
| 020 | _a9789352821822 | ||
| 040 | _coclc | ||
| 082 |
_a894.8123 _bJAM/A |
||
| 100 | 1 |
_aJayiṃs, Vi. Je., _d1961- _99428 |
|
| 245 |
_aAnticlock / _cV.J. James |
||
| 250 | _a5th ed. | ||
| 260 |
_aKottayam: _bD C Books, _c2023. |
||
| 300 | _a336p. | ||
| 942 |
_2ddc _cBK _h894.8123 _iJAM/A _k894.8123 _mJAM/A |
||
| 999 |
_c44106 _d44106 |
||